Missing Word: 4-Letter TV Shows (A-Z) Quiz Stats

 Plays Quiz Updated Nov 3, 2014

Challenge
Share
Tweet
Embed
Score 0/26 Timer 03:00
2 Plays Today
Hint Answer % Correct
____ Upon a TimeOnce
98.9%
____ TrekStar
98.6%
____ of ThronesGame
97.6%
21 ____ StreetJump
97%
____ ImprovementHome
96.8%
America's ____ Top ModelNext
96.6%
South ____Park
96.2%
The Twilight ____Zone
96.1%
Miami ____Vice
94.8%
Happy ____Days
94.3%
____ BettyUgly
93.6%
____ Your EnthusiasmCurb
93.5%
My Name Is ____Earl
92%
Hint Answer % Correct
30 ____Rock
91.5%
The ____ BoatLove
91.3%
____ McBealAlly
90.6%
____: Warrior PrincessXena
90.1%
The West ____Wing
89.2%
____ HouseFull
87.2%
Veronica ____Mars
86.3%
The ____ Bear ShowYogi
85.8%
Dragon ____ ZBall
80.8%
____ DetectiveTrue
79.4%
American ____Idol
75.9%
____ Kids ChallengeQuiz
57%
____ XYKyle
46.3%

Today's Daily Dose

You're not logged in!

Compare scores with friends on all Sporcle quizzes.
OR
Log In

You Might Also Like...

Show Comments

Extras

Top Quizzes Today


Score Distribution

Your Account Isn't Verified!

In order to create a playlist on Sporcle, you need to verify the email address you used during registration. Go to your Sporcle Settings to finish the process.

Report this User

Report this user for behavior that violates our Community Guidelines.

Details: